Perspectivas da economia brasileira : (Record no. 1401)

MARC details
000 -LÍDER
Campo Fixo de Controle 00739nam a2200253 a 4500
001 - NÚMERO DE CONTROLE
Campo de Controle 1401
003 - IDENTIFICAÇÃO DO NÚMERO DE CONTROLE
Campo de Controle BR-CuiBMT
005 - DATA E HORA DA ÚLTIMA ATUALIZAÇÃO
Campo de Controle 20231206210419.0
008 - DADOS FIXOS
Dados Fixos 231206s1993 rjba 000 0 por d
040 ## - AGÊNCIA CATALOGADORA
Código da Agência Catalogadora BR-CuiBMT
Agência que transcreveu o registro BR-CuiBMT
080 ## - Nº DA CLASSIFICAÇÃO DECIMAL UNIVERSAL
Nº edição CDU 2007
Nº Class. CDU 338.1
Subd. Auxiliar Comum (81)
090 ## - NÚMERO DE CHAMADA
Nº classificação 338.1(81)
Cutter P467
245 1# - TÍTULO PRINCIPAL
Título principal Perspectivas da economia brasileira :
Subtítulo 1994.
260 ## - PUBLICAÇÃO, DISTRIBUIÇÃO, ETC.
Local de publicação Rio de Janeiro :
Editora IPEA,
Data 1993.
300 ## - DESCRIÇÃO FÍSICA
N. páginas ou volumes 460 p.:
Ilustrações il.
Dimensões 21 cm
490 ## - INDICAÇÃO DE SÉRIE
Volume/designação sequencial da série V.1
504 ## - NOTA DE BIBLIOGRAFIA, ETC.
Nota de bibliografia Inclui bibliografia.
650 ## - ASSUNTO TÓPICO
Cabeçalho tópico ou nome geográfico Desenvolvimento econômico
650 ## - ASSUNTO TÓPICO
Cabeçalho tópico ou nome geográfico Reforma financeira
651 ## - ASSUNTO -- NOME GEOGRÁFICO
Nome geográfico Brasil
Subdivisão geral Política econômica
651 ## - ASSUNTO -- NOME GEOGRÁFICO
Nome geográfico Brasil
Subdivisão geral Condições econômicas
710 ## - ENTRADA SECUNDÁRIA -- ENTIDADE
Nome da entidade ou lugar IPEA - Instituto de Pesquisa Econômica Aplicada
942 ## - ELEMENTOS DE ENTRADA ADICIONAIS (KOHA)
Fonte de classificação ou esquema de arquivamento Classificação Decimal Universal
Tipo de item do Koha Livros
Holdings
Estado: removido Estado: perdido Fonte de classificação ou esquema de arquivamento Estado: danificado Indisponível para empréstimo Localização permanente Localização atual Data de aquisição Total Checkouts Número de Chamada completo Código de barras Date last seen Número do exemplar Preço efetivo a partir de Tipo de item (Koha)
    Classificação Decimal Universal     Biblioteca da Escola Superior de Contas do TCE/MT Biblioteca da Escola Superior de Contas do TCE/MT 23/01/2008   338.1(81) P467 BIBTCEMT23120283 06/12/2023 Ex. 1 06/12/2023 Livros

Powered by Koha